| 000 | 00558nam a2200181 a 4500 | ||
|---|---|---|---|
| 005 | 20140310183601.0 | ||
| 008 | 111201s19uu xx 00 eng d | ||
| 020 | _a9780826436030 | ||
| 050 |
_aQA 11 _b.F69 2010 |
||
| 100 | _aFoster, Colin | ||
| 245 |
_aResources for teaching mathematics : _b14-16 / _cColin Foster. |
||
| 260 |
_aLondon : _bContinuum International Publishing, _c2010. |
||
| 300 |
_a309 p. : _c29 cm. |
||
| 650 |
_aMathematics _xStudy and teaching (Secondary) |
||
| 650 | _aCurriculum planning | ||
| 942 |
_cBK _2lcc _kFOR |
||
| 999 |
_c25097 _d25097 |
||